00530nam a2200193Ia 450000500170000000800410001702000150005808200130007310000200008624500310010626000330013730000130017065000150018365000100019865000120020894200060022095200950022699900150032120241118050726.0240331s9999 xx 000 0 und d a1400031818 bMCCa823 aMccall Smith, A 4aThe Full Cupboard of Life  aNew YorkbAnchor Booksc2005 a198 p ., aPhilosophy aWomen aFiction cL 001040708LaWERCLbWERCLcSSCd2024-03-31l0o 823 MCCp6794r2024-03-31w2024-03-31yL c5803d5803